[Event "USA-ch U20 Girls"]
[Site "Saint Louis"]
[Date "2021.07.16"]
[Round "1"]
[White "Samadashvili, Martha"]
[Black "Wang, Annie"]
[Result "0-1"]
[WhiteElo "2215"]
[BlackElo "2384"]
[PlyCount "66"]
[EventDate "2021.07.16"]
[EventType "tourn"]
[EventRounds "9"]
[EventCountry "USA"]
[SourceTitle "CBM 203 Extra"]
[Source "ChessBase"]
[SourceDate "2021.09.30"]
[SourceVersion "1"]
[SourceVersionDate "2021.09.30"]
[SourceQuality "1"]

1. e4 c5 2. Nf3 d6 3. d4 cxd4 4. Nxd4 Nf6 5. Nc3 Nc6 6. f3 e5 7. Nb3 Be7 8. Be3 0-0 9. Qd2 a5 10. Bb5 Be6 11. 0-0-0 Na7 12. Bxa7 Rxa7 13. Qe3 Ra8 14. a4 Ne8 15. Kb1 Nc7 16. Bd3 Na6 17. g3 Nb4 18. Bb5 Qc7 19. Rd2 f5 20. f4 fxe4 21. Qxe4 Kh8 22. Re1 Bf6 23. Qe2 Qf7 24. Rxd6 Bf5 25. Ne4 Rac8 26. c4 exf4 27. Rd2 Rcd8 28. g4 Bg6 29. Qf3 Qe7 30. Ree2 Qe5 31. Rxd8 Rxd8 32. Nc1 Rd4 33. g5 Rxe4 0-1

[Event "Wch FIDE Online U16 Girls America qual"]
[Site "Tornelo INT"]
[Date "2020.12.02"]
[Round "3"]
[White "Borda Rodas, Anapaola S"]
[Black "Samadashvili, Martha"]
[Result "0-1"]
[WhiteElo "1994"]
[BlackElo "2215"]
[PlyCount "92"]
[EventDate "2020.12.01"]
[EventType "swiss (rapid)"]
[EventRounds "7"]
[EventCountry "ISS"]
[SourceTitle "EXT 2022"]
[Source "ChessBase"]
[SourceDate "2021.10.06"]
[SourceVersion "1"]
[SourceVersionDate "2021.10.06"]
[SourceQuality "1"]

1. e4 c5 2. Nf3 e6 3. d4 cxd4 4. Nxd4 Nc6 5. Nc3 Qc7 6. Be2 a6 7. 0-0 Nf6 8. Kh1 Nxd4 9. Qxd4 Bc5 10. Qd3 b5 11. Bg5 Be7 12. f4 b4 13. Nd1 h6 14. Bxf6 Bxf6 15. e5 Be7 16. Bf3 Rb8 17. Nf2 d6 18. Rae1 0-0 19. Be4 d5 20. Bf3 Bd7 21. f5 Bb5 22. Qe3 Bg5 23. Qd4 Bxf1 24. Rxf1 Qc4 25. Qd1 Rbc8 26. fxe6 fxe6 27. Bg4 Rc6 28. h3 Kh8 29. Nd3 Rxf1+ 30. Qxf1 Qxc2 31. Kh2 Qc4 32. Qf8+ Kh7 33. Qf3 Qe4 34. Qf1 a5 35. Kh1 a4 36. Kh2 b3 37. axb3 axb3 38. Kh1 Qc4 39. Kh2 Qd4 40. Kh1 Qb6 41. Kh2 Rc2 42. Nf4 Qe3 43. Nxe6 Qxe5+ 44. Kh1 Rc1 45. Bd1 Qxe6 46. Qd3+ Qe4 0-1

[Event "Wch FIDE Online U16 Girls America qual"]
[Site "Tornelo INT"]
[Date "2020.12.01"]
[Round "1"]
[White "Brown, Raehanna"]
[Black "Samadashvili, Martha"]
[Result "1-0"]
[WhiteElo "1540"]
[BlackElo "2215"]
[PlyCount "117"]
[EventDate "2020.12.01"]
[EventType "swiss (rapid)"]
[EventRounds "7"]
[EventCountry "ISS"]
[SourceTitle "EXT 2022"]
[Source "ChessBase"]
[SourceDate "2021.10.06"]
[SourceVersion "1"]
[SourceVersionDate "2021.10.06"]
[SourceQuality "1"]

1. c4 e5 2. Nc3 Nc6 3. g3 g6 4. Bg2 d6 5. d3 Bg7 6. e3 Nge7 7. Nge2 0-0 8. 0-0 Bd7 9. b3 Qc8 10. Re1 Bg4 11. Bb2 Rb8 12. Qd2 Qd7 13. a3 h5 14. Ne4 h4 15. f4 f6 16. b4 Bh3 17. Bh1 hxg3 18. hxg3 Nd8 19. Kf2 Nf5 20. Bf3 Nh6 21. Rh1 Bg4 22. Ng1 c6 23. Ke2 d5 24. Nc5 Qc8 25. cxd5 Bxf3+ 26. Nxf3 cxd5 27. Rag1 Ng4 28. Rh4 b6 29. Nb3 e4 30. dxe4 Qc4+ 31. Qd3 Qxd3+ 32. Kxd3 dxe4+ 33. Kxe4 f5+ 34. Kd3 Bxb2 35. Nbd4 Kg7 36. Rgh1 Kf6 37. Ng5 Rg8 38. Rh7 Rg7 39. Rxg7 Kxg7 40. Rh7+ Kg8 41. Rxa7 Bxd4 42. exd4 Ne6 43. Nxe6 Re8 44. Ng5 Re3+ 45. Kc4 Rxg3 46. Kd5 Re3 47. Ra6 Nf6+ 48. Kc4 Ne4 49. Rxb6 Nxg5 50. Rxg6+ Kf7 51. Rxg5 Kf6 52. a4 Re4 53. a5 Rxf4 54. Rg8 Rf1 55. a6 Ra1 56. b5 f4 57. b6 Rxa6 58. b7 Rb6 59. b8Q 1-0

[Event "Candidates FED U16 Online"]
[Site "Chess.com INT"]
[Date "2020.04.18"]
[Round "3.4"]
[White "Samadashvili, Martha"]
[Black "Roebers, Eline"]
[Result "1-0"]
[WhiteElo "2215"]
[BlackElo "2066"]
[PlyCount "147"]
[EventDate "2020.04.18"]
[EventType "team-tourn (rapid)"]
[EventRounds "5"]
[EventCountry "USA"]
[SourceTitle "CBM 195 Extra"]
[Source "ChessBase"]
[SourceDate "2020.05.31"]
[SourceVersion "1"]
[SourceVersionDate "2020.05.31"]
[SourceQuality "1"]
[WhiteTeam "United States"]
[BlackTeam "Netherlands"]
[WhiteTeamCountry "USA"]
[BlackTeamCountry "NED"]

1. e4 c5 2. Nf3 e6 3. g3 Nc6 4. Bg2 Nf6 5. Qe2 e5 6. 0-0 Be7 7. d3 0-0 8. c3 Re8 9. Na3 Bf8 10. Nc4 d5 11. exd5 Nxd5 12. Qc2 f6 13. a4 Be6 14. b3 Rc8 15. Rd1 Qc7 16. Bb2 Red8 17. Nfd2 h6 18. Nf1 Qf7 19. Re1 g6 20. Rad1 Bg7 21. Qe2 Bf5 22. h3 Qd7 23. Kh2 Re8 24. Nfe3 Nxe3 25. Qxe3 b6 26. Qf3 Be6 27. Bc1 Red8 28. Qe4 f5 29. Qh4 g5 30. Qh5 Bf7 31. Qf3 Bd5 32. Qxd5+ Qxd5 33. Bxd5+ Rxd5 34. Ne3 Rdd8 35. Nxf5 Rd7 36. Rd2 Rcd8 37. Red1 Bf8 38. Bb2 Ne7 39. Nxe7+ Bxe7 40. g4 e4 41. d4 Bd6+ 42. Kg2 cxd4 43. Rxd4 Kf7 44. Rxe4 Bf4 45. Rxd7+ Rxd7 46. Rd4 Re7 47. Kf3 Rc7 48. Re4 Rd7 49. Rd4 Rc7 50. c4 Be5 51. Rd2 Bxb2 52. Rxb2 Rd7 53. Ke3 Re7+ 54. Kd3 Rd7+ 55. Kc3 Ke6 56. Re2+ Kf6 57. b4 Rc7 58. Re3 Rd7 59. c5 bxc5 60. bxc5 Rd1 61. f3 Rc1+ 62. Kb4 Rb1+ 63. Ka5 Rc1 64. Kb5 Rb1+ 65. Kc6 Ra1 66. Kb7 Rxa4 67. c6 Rb4+ 68. Kxa7 Rc4 69. Kb7 Rb4+ 70. Kc8 Rc4 71. c7 Rd4 72. Rc3 Ke5 73. Kb7 Rb4+ 74. Kc6 1-0

[Event "World ol U16"]
[Site "Corum"]
[Date "2019.11.01"]
[Round "5.3"]
[White "Madaminov, Mukhiddin"]
[Black "Samadashvili, Martha"]
[Result "0-1"]
[WhiteElo "2045"]
[BlackElo "2155"]
[PlyCount "93"]
[EventDate "2019.10.29"]
[EventType "team-swiss"]
[EventRounds "9"]
[EventCountry "TUR"]
[SourceTitle "CBM 192 Extra"]
[Source "Chessbase"]
[SourceDate "2019.11.06"]
[SourceVersion "1"]
[SourceVersionDate "2019.11.06"]
[SourceQuality "1"]
[WhiteTeam "Uzbekistan"]
[BlackTeam "United States"]
[WhiteTeamCountry "UZB"]
[BlackTeamCountry "USA"]

1. d4 Nf6 2. Nc3 d5 3. Bf4 g6 4. e3 Bg7 5. h4 h5 6. Nf3 0-0 7. Ne5 c5 8. dxc5 Qa5 9. Qd2 Nc6 10. Nxc6 bxc6 11. a3 Ng4 12. f3 e5 13. Bg5 f6 14. fxg4 fxg5 15. gxh5 Qxc5 16. e4 Bg4 17. h6 Bxh6 18. b4 Qb6 19. Na4 Qd4 20. Qxd4 exd4 21. Nc5 Rae8 22. Be2 Bc8 23. h5 g4 24. hxg6 Kg7 25. Rd1 Be3 26. Rh7+ Kxg6 27. Rc7 Rh8 28. Rxc6+ Kg5 29. Bf1 Rh1 30. Ke2 g3 31. c3 Bg4+ 32. Ke1 Bxd1 33. cxd4 Bf2+ 34. Kxd1 Rxf1+ 35. Ke2 Re1+ 36. Kd2 dxe4 37. d5 e3+ 38. Kd3 Rd1+ 39. Ke2 Rd2+ 40. Kf3 e2 41. Ne6+ Rxe6 42. Rxe6 e1Q 43. Rxe1 Bxe1 44. a4 Rf2+ 45. Kxg3 Rf1+ 46. Kh2 Kg4 47. g3 0-1

[Event "World ol U16"]
[Site "Corum"]
[Date "2019.10.30"]
[Round "3.11"]
[White "Samadashvili, Martha"]
[Black "Wong, Ching Chi"]
[Result "1-0"]
[WhiteElo "2155"]
[BlackElo "1879"]
[PlyCount "93"]
[EventDate "2019.10.29"]
[EventType "team-swiss"]
[EventRounds "9"]
[EventCountry "TUR"]
[SourceTitle "CBM 192 Extra"]
[Source "Chessbase"]
[SourceDate "2019.11.06"]
[SourceVersion "1"]
[SourceVersionDate "2019.11.06"]
[SourceQuality "1"]
[WhiteTeam "United States"]
[BlackTeam "Hong Kong"]
[WhiteTeamCountry "USA"]
[BlackTeamCountry "HKG"]

1. e4 c5 2. Nf3 d6 3. Bb5+ Bd7 4. Bxd7+ Qxd7 5. c4 Nc6 6. Nc3 g6 7. d4 cxd4 8. Nxd4 Bg7 9. Nde2 Nf6 10. f3 Rc8 11. Be3 0-0 12. 0-0 Rfd8 13. Qd2 Na5 14. b3 b6 15. Rfd1 Nb7 16. a4 Nc5 17. Qa2 Qb7 18. Rab1 e6 19. b4 Na6 20. a5 Nc7 21. b5 d5 22. Nd4 Nd7 23. a6 Qa8 24. exd5 exd5 25. Nxd5 Re8 26. Bf2 Ne5 27. Nb4 Ne6 28. Ndc6 Nd8 29. Nxe5 Bxe5 30. Rd7 Rc7 31. Rxc7 Bxc7 32. Nd5 Be5 33. f4 Bd6 34. Nf6+ Kf8 35. Nxe8 Kxe8 36. Qb2 Ne6 37. Qh8+ Bf8 38. Re1 Qc8 39. Qe5 Qd8 40. Qd5 Bd6 41. Rd1 Ke7 42. Bh4+ f6 43. Bxf6+ Kxf6 44. Qxd6 Qxd6 45. Rxd6 Ke7 46. Rxe6+ Kxe6 47. c5 1-0

[Event "US Haring Girls op 120th"]
[Site "Orlando"]
[Date "2019.08.05"]
[Round "5"]
[White "Velea, Anne Marie"]
[Black "Samadashvili, Martha"]
[Result "0-1"]
[WhiteElo "1994"]
[BlackElo "2086"]
[PlyCount "88"]
[EventDate "2019.08.03"]
[EventType "swiss"]
[EventRounds "6"]
[EventCountry "USA"]
[SourceTitle "EXT 2020"]
[Source "ChessBase"]
[SourceDate "2019.10.17"]
[SourceVersion "1"]
[SourceVersionDate "2019.10.17"]
[SourceQuality "1"]

1. e4 c5 2. Nf3 e6 3. d4 cxd4 4. Nxd4 Nc6 5. Nc3 Qc7 6. Be3 a6 7. Qf3 Bd6 8. 0-0-0 Be5 9. Nxc6 Qxc6 10. Bd4 Bxd4 11. Rxd4 Ne7 12. Be2 0-0 13. Rhd1 b5 14. Qg3 Ra7 15. h4 Rc7 16. h5 h6 17. R1d2 Qb6 18. Qh4 Nc6 19. R4d3 Qa5 20. Rg3 Kh8 21. Qg4 Rg8 22. Qf4 b4 23. Na4 Ne5 24. b3 Bb7 25. Qe3 f6 26. f4 Nf7 27. Kb1 Bc6 28. Nb2 Bb5 29. Nc4 Bxc4 30. Bxc4 Qxh5 31. Qb6 Rgc8 32. Qxb4 a5 33. Qa4 Qh1+ 34. Kb2 Qe1 35. Rgd3 Rxc4 36. Qxd7 R4c7 37. Qxe6 a4 38. Rd7 Rxd7 39. Qxd7 Rd8 40. Qxd8+ Nxd8 41. Rxd8+ Kh7 42. Rd4 axb3 43. axb3 Qe3 44. Rd3 Qxe4 0-1

[Event "USA-ch U20 Girls"]
[Site "Saint Louis"]
[Date "2019.07.19"]
[Round "8"]
[White "Wu, Rochelle"]
[Black "Samadashvili, Martha"]
[Result "1/2-1/2"]
[WhiteElo "2085"]
[BlackElo "2124"]
[PlyCount "184"]
[EventDate "2019.07.11"]
[EventType "tourn"]
[EventRounds "9"]
[EventCountry "USA"]
[SourceTitle "CBM 191 Extra"]
[Source "ChessBase"]
[SourceDate "2019.09.30"]
[SourceVersion "1"]
[SourceVersionDate "2019.09.30"]
[SourceQuality "1"]

1. e4 c5 2. Nf3 e6 3. d4 cxd4 4. Nxd4 Nc6 5. Nc3 Qc7 6. Be3 a6 7. Be2 Nf6 8. 0-0 Be7 9. f4 d6 10. Qe1 0-0 11. Qg3 Nxd4 12. Bxd4 b5 13. a3 Bb7 14. Kh1 Bc6 15. Rad1 Rad8 16. Bf3 Qb7 17. Rfe1 Kh8 18. e5 dxe5 19. fxe5 Nd7 20. Ne4 Rg8 21. Rd3 Nf8 22. h4 Ng6 23. h5 Nh4 24. Nd6 Bxd6 25. Qxh4 Be7 26. Qf2 Bg5 27. c3 Rgf8 28. Bxc6 Qxc6 29. Rf3 Kg8 30. Rf1 Rd7 31. Bc5 Bh4 32. Qe3 Rfd8 33. h6 g6 34. Bd4 Rf8 35. b4 Bd8 36. Bc5 Re8 37. Qf4 Qb7 38. Bd6 Qa7 39. c4 bxc4 40. Rc3 f5 41. exf6 Kf7 42. Rxc4 Bb6 43. Qe5 Qb7 44. Rd1 Red8 45. Re4 Re8 46. Rc4 Red8 47. Rd3 Ba7 48. Re4 Re8 49. Be7 Qc6 50. Rxd7 Qxd7 51. Qd6 Qxd6 52. Bxd6 Kxf6 53. Rf4+ Kg5 54. Rf7 Bd4 55. Rxh7 e5 56. Be7+ Kh5 57. Bc5 Bb2 58. a4 e4 59. Be3 g5 60. Ra7 Kg4 61. h7 Rd8 62. Re7 Kf5 63. Kg1 Rc8 64. Kf2 Rc2+ 65. Kg3 Rc8 66. Ra7 Be5+ 67. Kf2 Rc2+ 68. Kf1 Kg6 69. Re7 Bg7 70. Rxe4 Kxh7 71. Bxg5 Ra2 72. a5 Kg6 73. Be3 Kf5 74. Rf4+ Ke5 75. Rg4 Bf8 76. g3 Kd5 77. Rd4+ Ke5 78. Rg4 Kd5 79. Bf2 Rb2 80. Be1 Bd6 81. Bc3 Rb3 82. Be1 Rb2 83. Rg5+ Kc4 84. Rg6 Kd5 85. g4 Bf4 86. Rxa6 Ke4 87. Ra8 Rh2 88. Rf8 Kf3 89. Kg1 Rg2+ 90. Kf1 Rh2 91. Kg1 Rg2+ 92. Kf1 Rh2 1/2-1/2

[Event "USA-ch U20 Girls"]
[Site "Saint Louis"]
[Date "2019.07.15"]
[Round "5"]
[White "Samadashvili, Martha"]
[Black "Yan, Rui Yang"]
[Result "0-1"]
[WhiteElo "2124"]
[BlackElo "1851"]
[PlyCount "152"]
[EventDate "2019.07.11"]
[EventType "tourn"]
[EventRounds "9"]
[EventCountry "USA"]
[SourceTitle "CBM 191 Extra"]
[Source "ChessBase"]
[SourceDate "2019.09.30"]
[SourceVersion "1"]
[SourceVersionDate "2019.09.30"]
[SourceQuality "1"]

1. e4 c5 2. Nf3 d6 3. Bb5+ Nd7 4. 0-0 a6 5. Bxd7+ Bxd7 6. d4 cxd4 7. Qxd4 Nf6 8. a4 e5 9. Qd3 h6 10. Nc3 Be7 11. Nd2 Rc8 12. Nc4 Be6 13. Ne3 0-0 14. Rd1 Qd7 15. b3 Rc7 16. Bb2 Rfc8 17. Rac1 Rc5 18. f3 b5 19. axb5 axb5 20. Ra1 Qb7 21. b4 Bc4 22. Qd2 R5c6 23. Ra3 Bd8 24. Kh1 Bb6 25. Nf5 Rd8 26. Qe1 Kh7 27. Qg3 g6 28. Qh4 Ng8 29. Nxh6 g5 30. Qxg5 Nxh6 31. Bc1 d5 32. Nxd5 Bxd5 33. exd5 Rg6 34. Qxe5 Rdg8 35. g3 Qc8 36. Bf4 Qxc2 37. Rc1 Qf2 38. Qe1 Qb2 39. Rd3 Nf5 40. Qd2 Qxd2 41. Rxd2 Rd8 42. Rd3 Nd4 43. Be5 Rxd5 44. f4 Rg8 45. Bxd4 Bxd4 46. Kg2 Rgd8 47. Rcd1 R5d6 48. Rc1 Bb6 49. Rdc3 Rd2+ 50. Kh3 Kg7 51. Rc6 f5 52. Kh4 R8d6 53. Kg5 Bd8+ 54. Kxf5 R6d5+ 55. Kg4 Rxh2 56. R1c5 Rhh5 57. Rxd5 Rxd5 58. Ra6 Be7 59. Ra7 Kf6 60. Ra6+ Rd6 61. Ra8 Rd4 62. Ra6+ Kf7 63. Kf5 Bxb4 64. Ra7+ Be7 65. g4 b4 66. Rb7 Rd5+ 67. Ke4 Rd1 68. g5 Kg6 69. Rb6+ Bd6 70. Rb7 Re1+ 71. Kd5 Be7 72. Rb6+ Kf5 73. g6 Kxf4 74. Re6 Rxe6 75. Kxe6 Bf8 76. Kf7 Bh6 0-1

[Event "USA-ch U20 Girls"]
[Site "Saint Louis"]
[Date "2019.07.13"]
[Round "3"]
[White "Samadashvili, Martha"]
[Black "Zilajeva, Veronika"]
[Result "1-0"]
[WhiteElo "2124"]
[BlackElo "1855"]
[PlyCount "79"]
[EventDate "2019.07.11"]
[EventType "tourn"]
[EventRounds "9"]
[EventCountry "USA"]
[SourceTitle "CBM 191 Extra"]
[Source "ChessBase"]
[SourceDate "2019.09.30"]
[SourceVersion "1"]
[SourceVersionDate "2019.09.30"]
[SourceQuality "1"]

1. e4 e6 2. d4 d5 3. Nc3 Nf6 4. e5 Nfd7 5. Nce2 c5 6. c3 Nc6 7. a3 Qb6 8. b4 cxd4 9. cxd4 f6 10. f4 Be7 11. Nf3 0-0 12. Nc3 fxe5 13. Na4 Qc7 14. dxe5 Ndxe5 15. Be2 Nxf3+ 16. Bxf3 Bf6 17. Rb1 Nd4 18. 0-0 Bd7 19. Nc5 b6 20. Nxd7 Nxf3+ 21. Rxf3 Qxd7 22. Rd3 Rad8 23. Be3 g6 24. Bd4 Qf7 25. Qd2 Rc8 26. Re1 Rc4 27. g3 Rfc8 28. Qe3 Bxd4 29. Rxd4 Rxd4 30. Qxd4 Qf5 31. Qd1 Kf7 32. Qa4 Rc7 33. Qd1 Qc2 34. Qg4 Rc6 35. Qh4 h5 36. Qd8 Rc7 37. Qh8 Rc8 38. Qh7+ Kf6 39. f5 Kxf5 40. Qf7+ 1-0

[Event "USA-ch U20 Girls"]
[Site "Saint Louis"]
[Date "2019.07.11"]
[Round "1"]
[White "Samadashvili, Martha"]
[Black "Feng, Maggie"]
[Result "1/2-1/2"]
[WhiteElo "2124"]
[BlackElo "2198"]
[PlyCount "136"]
[EventDate "2019.07.11"]
[EventType "tourn"]
[EventRounds "9"]
[EventCountry "USA"]
[SourceTitle "CBM 191 Extra"]
[Source "ChessBase"]
[SourceDate "2019.09.30"]
[SourceVersion "1"]
[SourceVersionDate "2019.09.30"]
[SourceQuality "1"]

1. e4 e6 2. d4 d5 3. Nc3 Bb4 4. exd5 exd5 5. Bd3 Nc6 6. a3 Bxc3+ 7. bxc3 Nge7 8. Qf3 Be6 9. Rb1 b6 10. Ne2 Qd7 11. 0-0 0-0-0 12. a4 Bf5 13. Ng3 Bxd3 14. cxd3 f6 15. Ba3 h5 16. Bxe7 Qxe7 17. Nxh5 Qf7 18. Ng3 g6 19. Rfe1 f5 20. Re2 Qh7 21. Nf1 g5 22. Rbe1 f4 23. Re6 Kb7 24. a5 Nxa5 25. R1e5 Qd7 26. Re7 Qd6 27. R7e6 Qd7 28. Re1 Nc6 29. h3 Rdg8 30. Nh2 Re8 31. R6e2 Rxe2 32. Qxe2 Rh7 33. Ng4 Re7 34. Qd1 a5 35. Rxe7 Qxe7 36. Qb3 Qe1+ 37. Kh2 Qe6 38. Kg1 Ka6 39. Kf1 b5 40. Nh2 Qf5 41. Ke2 Qe6+ 42. Kd1 a4 43. Qa3 Na5 44. Nf3 g4 45. hxg4 Qxg4 46. Qc5 Qxg2 47. Ke2 Qg7 48. Ne5 f3+ 49. Nxf3 Qf7 50. Ne5 Qh5+ 51. Ke1 Qh1+ 52. Ke2 Qh5+ 53. Ke3 Qh6+ 54. f4 Qh3+ 55. Nf3 Qe6+ 56. Kf2 Qf7 57. Ke2 Qxf4 58. Qxd5 c6 59. Qc5 Qc7 60. Ne5 Kb7 61. Kd1 Nb3 62. Qb4 Qg7 63. Ke2 Qg2+ 64. Ke3 Qg5+ 65. Kf2 Qf4+ 66. Kg2 Qg5+ 67. Kf2 Qf4+ 68. Kg2 Qg5+ 1/2-1/2

[Event "Continental op 48th"]
[Site "Sturbridge"]
[Date "2018.08.18"]
[Round "6"]
[White "Samadashvili, Martha"]
[Black "Padmanabhan, Karthik Sai"]
[Result "1-0"]
[WhiteElo "2136"]
[BlackElo "1879"]
[PlyCount "79"]
[EventDate "2018.08.16"]
[EventType "swiss"]
[EventRounds "9"]
[EventCountry "USA"]
[SourceTitle "CBM 186 Extra"]
[Source "ChessBase"]
[SourceDate "2018.08.24"]
[SourceVersion "1"]
[SourceVersionDate "2018.08.24"]
[SourceQuality "1"]

1. e4 e5 2. Nf3 Nc6 3. Bc4 Bc5 4. 0-0 Nf6 5. d3 d6 6. c3 h6 7. Nbd2 a6 8. b4 Ba7 9. Bb3 0-0 10. Nc4 Ne7 11. Be3 Ng6 12. a4 Re8 13. Qc2 Nh5 14. Bxa7 Rxa7 15. Ne3 Nhf4 16. g3 Nh3+ 17. Kh1 Qf6 18. Ne1 c6 19. N1g2 Qf3 20. Qd2 Ra8 21. Bd1 Qf6 22. f4 exf4 23. gxf4 Nh4 24. Ng4 Bxg4 25. Bxg4 Nxg2 26. Kxg2 Qh4 27. Bxh3 g5 28. Qf2 Qh5 29. Qf3 Qg6 30. fxg5 Re5 31. Bf5 Qxg5+ 32. Qg3 d5 33. Qxg5+ hxg5 34. d4 Re7 35. e5 b6 36. Kf3 Kg7 37. h4 gxh4 38. Rg1+ Kh6 39. Rh1 Rh8 40. Rxh4+ 1-0

[Event "Continental op 48th"]
[Site "Sturbridge"]
[Date "2018.08.17"]
[Round "3"]
[White "Li, Jerry"]
[Black "Samadashvili, Martha"]
[Result "0-1"]
[WhiteElo "1943"]
[BlackElo "2136"]
[PlyCount "74"]
[EventDate "2018.08.16"]
[EventType "swiss"]
[EventRounds "9"]
[EventCountry "USA"]
[SourceTitle "CBM 186 Extra"]
[Source "ChessBase"]
[SourceDate "2018.08.24"]
[SourceVersion "1"]
[SourceVersionDate "2018.08.24"]
[SourceQuality "1"]

1. e4 c5 2. Nf3 e6 3. d4 cxd4 4. Nxd4 Nc6 5. Nc3 Qc7 6. Be3 a6 7. Nxc6 bxc6 8. Bd3 d5 9. 0-0 Nf6 10. exd5 cxd5 11. f4 Bc5 12. Bxc5 Qxc5+ 13. Kh1 Bb7 14. Qe2 0-0 15. h3 Rfd8 16. f5 Qd6 17. Rae1 Re8 18. fxe6 fxe6 19. Qd2 Rad8 20. Qg5 e5 21. Bf5 Re7 22. Rf2 Rf8 23. Rd2 Qc7 24. Ne2 Kh8 25. Ng3 g6 26. Bg4 Ree8 27. Rf2 Nxg4 28. Rxf8+ Rxf8 29. Qxg4 d4 30. Qg5 e4 31. Qh4 Rf4 32. Qg5 e3 33. Re2 Kg8 34. Kg1 Rf8 35. Qg4 Qe5 36. Nf1 Bc8 37. Qg3 Rxf1+ 0-1

[Event "Wch U14 Girls"]
[Site "Montevideo"]
[Date "2017.09.25"]
[Round "10"]
[White "Samadashvili, Martha"]
[Black "Lehaci, Miruna Daria"]
[Result "0-1"]
[WhiteElo "1995"]
[BlackElo "1914"]
[PlyCount "102"]
[EventDate "2017.09.17"]
[EventType "swiss"]
[EventRounds "11"]
[EventCountry "URU"]
[SourceTitle "EXT 2018"]
[Source "ChessBase"]
[SourceDate "2017.10.13"]
[SourceVersion "1"]
[SourceVersionDate "2017.10.13"]
[SourceQuality "1"]

1. e4 e6 2. d4 d5 3. e5 c5 4. c3 Nc6 5. Nf3 Bd7 6. Be2 Qb6 7. dxc5 Bxc5 8. 0-0 Nh6 9. h3 Nf5 10. b4 Be7 11. Kh1 h5 12. Bd3 Rd8 13. Bxf5 exf5 14. Na3 a6 15. Nc2 Qc7 16. Bf4 Be6 17. a4 d4 18. Ncxd4 Nxd4 19. cxd4 Bxb4 20. Bd2 Be7 21. Rc1 Qb6 22. a5 Qb3 23. Qxb3 Bxb3 24. Rc7 Bd5 25. Ng5 Rd7 26. Rfc1 Rxc7 27. Rxc7 Kd8 28. Rc1 Kd7 29. Nf3 Rc8 30. Rb1 Rc2 31. Be3 Ra2 32. Ne1 Rxa5 33. Rc1 Ra3 34. Kg1 b5 35. Rd1 a5 36. Nd3 Bb3 37. Rc1 Bc4 38. Nf4 h4 39. d5 Bb4 40. e6+ fxe6 41. Nxe6 Bc3 42. Rd1 Ra1 43. Bc1 Be2 44. Nf8+ Kc8 45. d6 Bxd1 46. d7+ Kd8 47. Bg5+ Bf6 48. Be3 Bb3+ 49. Kh2 Rd1 50. Bb6+ Ke7 51. Bc5+ Kf7 0-1

[Event "Wch U14 Girls"]
[Site "Montevideo"]
[Date "2017.09.22"]
[Round "7"]
[White "Samadashvili, Martha"]
[Black "Mrudul, Dehankar"]
[Result "1-0"]
[WhiteElo "1995"]
[BlackElo "2133"]
[PlyCount "51"]
[EventDate "2017.09.17"]
[EventType "swiss"]
[EventRounds "11"]
[EventCountry "URU"]
[SourceTitle "CBM 180 Extra"]
[Source "ChessBase"]
[SourceDate "2017.10.06"]
[SourceVersion "1"]
[SourceVersionDate "2017.10.06"]
[SourceQuality "1"]

1. e4 d5 2. exd5 Nf6 3. Bb5+ Bd7 4. Be2 Nxd5 5. d4 Bf5 6. Nf3 e6 7. 0-0 Be7 8. a3 0-0 9. c4 Nb6 10. Nc3 Nc6 11. Be3 Bf6 12. Rc1 Qe7 13. c5 Nd5 14. Nxd5 exd5 15. b4 Qd7 16. b5 Ne7 17. Ne5 Bxe5 18. dxe5 c6 19. g4 Be6 20. f4 g6 21. bxc6 Nxc6 22. f5 gxf5 23. Bh6 Rfe8 24. Qd2 Nxe5 25. Qg5+ Ng6 26. Qf6 1-0